| 000 | nam a22 7a 4500 | ||
|---|---|---|---|
| 999 |
_c259220 _d259220 |
||
| 003 | IT-MiCISF | ||
| 008 | 161221b xxu||||| |||| 00| 0 eng d | ||
| 020 | _a9788882274580 | ||
| 040 | _cIT-MiCISF | ||
| 041 | _ait | ||
| 100 |
_aLacroix Xavier (et al.) _956104 |
||
| 245 | _aLa famiglia tra sfide e prospettive | ||
| 260 |
_aMagnano (BI) _bEdizioni Qiqajon _c2015 |
||
| 300 | _app. 350 | ||
| 500 | _apastorale-familiare, matrimonio-sacramento, procreazione-responsabile, aborto, omosessualità, nuove-nozze | ||
| 520 | _aPapa Francesco sta invitando tutta la chiesa a intraprendere con responsabilità un cammino sinodale. In questo volume sono raccolte le risposte, brevi e argomentate, di ventisei teologi, uomini e donne, presbiteri e laici, sollecitati dall’invito del papa, in particolare riguardo alle sfide poste dal mondo di oggi alla famiglia. I temi affrontati sono tra i più urgenti: il significato teologico del matrimonio, la parola di Dio e la vocazione dell’amore coniugale, la missione sociale della famiglia, la responsabilità delle coppie di fronte alla procreazione, l’aborto e la contraccezione, la relazione omosessuale, i divorziati risposati e il loro accesso ai sacramenti. (Introduzione di Bordeyne P., Pincon B. Prefazione di Brunin J.L. Postfazione di Bianchi E.) | ||
| 650 |
_apastorale-familiare _956039 |
||
| 654 | _adossier | ||
| 700 |
_aTheobald C. _aWénin A. _aChiron J.-F. _aLefebvre Ph. _aMargron V. _aPelletier A.-M. _aSouletie J.-L. _aGagey H.-J. _956105 |
||
| 942 |
_2ddc _cBK |
||